| 000 | 00814nam a2200229 i 4500 | ||
|---|---|---|---|
| 999 |
_c7873 _d7873 |
||
| 001 | 991058478168306706 | ||
| 003 | OSt | ||
| 005 | 20240829114423.0 | ||
| 006 | m o d | | ||
| 007 | cr ||||||||||| | ||
| 008 | 201029s2019 sp a ob 000 0 spa d | ||
| 040 |
_aCDMR _cCDMR _bcat |
||
| 110 | 2 |
_9624 _aAgencia EFE |
|
| 245 | 1 | 0 |
_aNuevo libro del estilo urgente [recurs electrònic] / _cAgencia EFE ; Javier Lascuráin (coord.) |
| 260 |
_aMadrid : _bAgencia EFE : Instituto Cervantes, _c2024 |
||
| 300 | _a1 recurs electrònic (272 pàgines) | ||
| 650 | 0 |
_aPeriodisme--Manuals d'estil _93772 |
|
| 650 | 0 |
_aAgències de notícies _91890 |
|
| 700 |
_94940 _aLascuráin, Javier |
||
| 856 |
_zAccés en línia _uhttps://recursos.efe.com/objetos_app/libroestilo/libroDelEstiloUrgente.pdf |
||
| 942 |
_2udc _cLLIBRE-E |
||